Billionaire Dropouts Quiz Stats

Quiz Updated Aug 20, 2012

Also try: Billionaire Cities
Challenge
Share
Tweet
Embed
Score 0/15 Timer 05:00
2 Plays Today
Hint Billionaire % Correct
Co-founder of Microsoft, and until recently the richest man in the worldBill Gates
98.9%
Co-founder of Apple and previously the CEO of PixarSteve Jobs
78.6%
Creator of Facebook and subject of the movie The Social NetworkMark Zuckerberg
74.1%
American fashion designer who was born Ralph LifshitzRalph Lauren
62.9%
Founder and owner of the personal computer company that bears his nameMichael Dell
55.8%
Media mogul behind CNN, TNT, Cartoon Network, and even Captain PlanetTed Turner
51.8%
American aviator and industrialist remembered for his eccentric lifestyle and OCDHoward Hughes
43.5%
British entrepreneur who owns Virgin Mobile and Virgin Atlantic AirwaysSir Richard Branson
42.8%
Hint Billionaire % Correct
Oil tycoon widely regarded as the richest person who has ever livedJohn D. Rockefeller
38.7%
Composer of hit musicals such as Cats and Phantom of the OperaAndrew Lloyd Webber
38.4%
Co-founder of Microsoft and owner of several Northwest sports teamsPaul Allen
28.3%
...the other co-founder of Google Sergey Brin
14.6%
Founder of Oracle Corporation and the fifth richest man in the worldLarry Ellison
13.3%
One of the co-founders of Google, as well as...Larry Page
12.9%
Created the Beanie Baby and made billions when it became a fadTy Warner
5%

You're not logged in!

Compare scores with friends on all Sporcle quizzes.
Join for Free
OR
Log In

You Might Also Like...

Show Comments

Extras

Top Quizzes Today


Score Distribution

Your Account Isn't Verified!

In order to create a playlist on Sporcle, you need to verify the email address you used during registration. Go to your Sporcle Settings to finish the process.

Report this User

Report this user for behavior that violates our Community Guidelines.

Details: